Essential SNMP : help for system and network administrators (Record no. 180624)
[ view plain ]
| 000 -LEADER | |
|---|---|
| fixed length control field | 00526nam a2200181Ia 4500 |
| 005 - DATE AND TIME OF LATEST TRANSACTION | |
| control field | 20250225114815.0 |
| 008 - FIXED-LENGTH DATA ELEMENTS--GENERAL INFORMATION | |
| fixed length control field | 231217s9999 xx 000 0 und d |
| 020 ## - INTERNATIONAL STANDARD BOOK NUMBER | |
| International Standard Book Number | 9788184042825 |
| 082 ## - DEWEY DECIMAL CLASSIFICATION NUMBER | |
| Classification number | 001.64404 MAU;1 R |
| 100 ## - MAIN ENTRY--PERSONAL NAME | |
| Personal name | Mauro, Douglas R. Schmidt, Kevin J. |
| 245 #0 - TITLE STATEMENT | |
| Title | Essential SNMP : help for system and network administrators |
| 250 ## - EDITION STATEMENT | |
| Edition statement | 2nd ed. |
| 260 ## - PUBLICATION, DISTRIBUTION, ETC. (IMPRINT) | |
| Date of publication, distribution, etc. | 2005 |
| Name of publisher, distributor, etc. | Shroff |
| Place of publication, distribution, etc. | Mumbai |
| 300 ## - PHYSICAL DESCRIPTION | |
| Extent | xv+442 |
| 500 ## - GENERAL NOTE | |
| General note | Content page available |
| 650 ## - SUBJECT ADDED ENTRY--TOPICAL TERM | |
| Topical term or geographic name as entry element | SNMP,:,help,network,administrators |
| 942 ## - ADDED ENTRY ELEMENTS (KOHA) | |
| Koha item type | Books |
| Date last seen | Total Checkouts | Full call number | Accession number | Old discount | Uniform Resource Identifier | Cost, replacement price | Price effective from | Category | Lost status | Damaged status | Department | Withdrawn status | bill no. | bill date | Permanent Location | Current Location | Shelving location | Entry date | Vendor | Cost, normal purchase price | Grants | Currency symbol | Conversion rate | Discount | Discount type |
|---|---|---|---|---|---|---|---|---|---|---|---|---|---|---|---|---|---|---|---|---|---|---|---|---|---|
| 26/01/2024 | 001.64404 MAU;1 R | 49078 | 25 | digital/contents/49079.pdf | 300.00 | 26/01/2024 | Books | Central Library | 47325 | 11/03/2009 | Central Library | Central Library | Central Library | 20/05/2008 | Book Paradise | 400.00 | MCA | RS | 1 | 100 | Rupees | ||||
| 26/01/2024 | 001.64404 MAU;2 R1 | 49079 | 25 | digital/contents/49079.pdf | 300.00 | 26/01/2024 | Books | Central Library | 47325 | 11/03/2009 | Central Library | Central Library | Central Library | 20/05/2008 | Book Paradise | 400.00 | MCA | RS | 1 | 100 | Rupees |
